Квиз о астрономији - Statistics

General Stats
  • This quiz has been taken 206 times
  • The average score is 8 of 20
Answer Stats
Траг Одговор % Correct
Наша галаксија Млечни пут
97%
Деградиран у патуљасту планету 2006. Плутон
86%
Космичка експанзија која се десила пре 13,8 милијарди година Велики прасак
68%
299.792.458 метара у секунди Брзина светлости
62%
Комета која се може видети голим оком са Земље сваких 76 година Халејева комета
61%
Назив за „звезду падалицу” која је ушла у атмосферу Метеор
61%
Место са тако великом гравитацијом да чак ни светлост не може да побегне Црна рупа
60%
Експлозија велике звезде Супернова
48%
Нама најближа велика галаксија Андромеда
37%
Елемент који чини да Марс изгледа црвено Гвожђе
37%
Може се наћи између орбита Марса и Јупитера {Астероидни} појас
35%
Најпознатији свемирски телескоп Хабл
34%
Облик наше галаксије Спирални
30%
Најближи звездани систем Сунцу Алфа {Кентаури}
25%
Најсјајнија звезда на ноћном небу Сиријус
24%
Огромна олуја на Јупитеру {Велика} {црвена} пега
20%
Астроном који је први описао елиптичне орбите планета Јохан Кеплер
18%
Део месеца на који је слетео Аполо 11 Море {спокојства}
17%
Међузвездани облак прашине у коме могу да се рађају звезде Маглина
15%
Најгушћи тип звезде Неутронска звезда
8%
No matching quizzes found
Score Distribution
Percent of People with Each Score
Percentile by Number Answered
Your Score History
You have not taken this quiz